| Поле | Инд. | ПП | Название | Значение |
|---|---|---|---|---|
| Тип записи | m | |||
| Библиографический уровень | m | |||
| 001 | Контрольный номер | RU/IS/BASE/312556267 | ||
| 005 | Дата корректировки | 20240312092359.1 | ||
| 008 | Кодируемые данные | 20091126 | ||
| 040 | b | Код языка каталог. | rus | |
| e | Правила каталог. | PSBO | ||
| 041 | 0_ | a | Код языка текста | rus |
| 084 | a | Индекс другой классификации/Индекс ББК | 67.400(2Рос)я73; 67.400.7(2Рос)я73; 67.401(2Рос)я73; 67.401.02(2Рос)я73; 65.050.14я73; 65.050.11я73; 67.0я73; 67.400.5я73; 67.400.6(2Рос)я73; 65.050.23я73 | |
| 100 | 1_ | a | Автор | Алехин Э. В. |
| 245 | 10 | a | Заглавие | Государственное и муниципальное управление |
| b | Продолж. заглавия | учебное пособие | ||
| c | Ответственность | Министерство образования и науки РФ; Федеральное агентство по образованию; Пензенский Государственный Университет; Институт экономики и управления. Кафедра «Управление и социология» | ||
| 260 | a | Место издания | Пенза | |
| c | Дата издания | 2007 | ||
| 336 | a | Термин вида содержания | Текст | |
| 337 | a | Термин типа средства | электронный | |
| 504 | a | Библиография | Использ. лит. - Тесты. - Список лит. | |
| 521 | 0_ | a | Примеч. о целев. назн. | студенты |
| 650 | 14 | a | Основная рубрика | конституционное право (государственное право) |
| a | Основная рубрика | право | ||
| 653 | 1_ | a | Ключевые слова | бюджетная система |
| a | Ключевые слова | Верховный суд РФ | ||
| a | Ключевые слова | Высший Арбитражный Суд РФ | ||
| a | Ключевые слова | глава муниципального образования | ||
| a | Ключевые слова | Государственная дума РФ | ||
| a | Ключевые слова | государственное регулирование | ||
| a | Ключевые слова | государственное управление | ||
| a | Ключевые слова | государство | ||
| a | Ключевые слова | губернаторы | ||
| a | Ключевые слова | должностное лицо | ||
| a | Ключевые слова | доходы бюджетов | ||
| a | Ключевые слова | законодательная власть | ||
| a | Ключевые слова | исполнительная власть | ||
| a | Ключевые слова | Конституционный Суд РФ | ||
| a | Ключевые слова | контрольные органы | ||
| a | Ключевые слова | межрегиональная интеграция | ||
| a | Ключевые слова | межрегиональные связи | ||
| a | Ключевые слова | местная администрация | ||
| a | Ключевые слова | местное управление | ||
| a | Ключевые слова | местные налоги | ||
| a | Ключевые слова | монархия | ||
| a | Ключевые слова | муниципальное право | ||
| a | Ключевые слова | муниципальное управление | ||
| a | Ключевые слова | муниципальные образования | ||
| a | Ключевые слова | налоги | ||
| a | Ключевые слова | налоговая политика | ||
| a | Ключевые слова | налоговая система | ||
| a | Ключевые слова | органы местного самоуправления | ||
| a | Ключевые слова | Пензенская область | ||
| a | Ключевые слова | Правительство РФ | ||
| a | Ключевые слова | правовой статус | ||
| a | Ключевые слова | представительные органы | ||
| a | Ключевые слова | Президент РФ | ||
| a | Ключевые слова | расходы бюджета | ||
| a | Ключевые слова | региональное управление | ||
| a | Ключевые слова | региональные налоги | ||
| a | Ключевые слова | региональные рынки | ||
| a | Ключевые слова | региональный бюджет | ||
| a | Ключевые слова | роль государства | ||
| a | Ключевые слова | Российская Федерация | ||
| a | Ключевые слова | Россия | ||
| a | Ключевые слова | Совет Федерации Федерального Собрания РФ | ||
| a | Ключевые слова | социально-экономическое развитие | ||
| a | Ключевые слова | судебная власть | ||
| a | Ключевые слова | Федеральное Собрание РФ | ||
| a | Ключевые слова | федеральные налоги | ||
| a | Ключевые слова | федеральные органы исполнительной власти | ||
| a | Ключевые слова | финансовая политика | ||
| a | Ключевые слова | финансовое регулирование | ||
| a | Ключевые слова | финансы | ||
| a | Ключевые слова | форма правления | ||
| a | Ключевые слова | формы государства | ||
| a | Ключевые слова | экономическая политика | ||
| 655 | a | Жанр/ форма (устаревшее) | учебное пособие | |
| 856 | 40 | a | Имя сервера/домена | Библиотечная система Университета "Дубна" |
| d | Путь | http://lib.uni-dubna.ru/MegaPRO/Web | ||
| i | Указания/сценарий входа | Доступ по номеру читательского билета и фамилии читателя | ||
| u | URL | http://lib.uni-dubna.ru/MegaPro/UserEntry?Action=FindDocs&ids=126503&idb=ec_110 | ||
| y | Справочный текст | Электронная версия | ||
| 900 | a | Имя электронного ресурса | Alehin_E.V._Gosudarstvennoe_i_municipalnoe_upravlenie | |
| x | Справочная информация | Полный текст | ||
| 900 | a | Имя электронного ресурса | obl_Alehin_GMU | |
| x | Справочная информация | Обложка | ||
| 901 | t | Тип документа | 0 | |
| 952 | a | Тип литературы для КСУ ВШ | УИ |